000 00865cam a22002654a 4500
001 13501365
005 20180202083757.0
008 040225s2005 nyua b 001 0 eng
010 _a 2004041578
020 _a0195167708 (alk. paper)
020 _a0195177266 (pbk.)
040 _aDLC
_cDLC
_dDLC
041 _aeng
042 _apcc
080 _a909.04943
082 0 0 _a909.04943 FIN
_222
100 1 _a16
101 _aHIS
245 1 4 _aThe Turks in world history /
_cCarter Vaughn Findley.
246 3 0 _aTurks
504 _aIncludes bibliographical references (p. 263-285) and index.
906 _a7
_bcbc
_corignew
_d1
_eocip
_f20
_gy-gencatlg
942 _2ddc
_cBK
999 _c41695
_d41695